000 00641 a2200217 4500
001 62269
005 20260407155916.0
008 260407a1967 arg spa d
003 AR-UNSa-BCEJYS
040 _aAR-UNSa-BCEJYS
_bspa
_cAR-UNSa-BCEJYS
080 _a35
_xAdministración Pública
245 1 0 _aAdministración pública
264 1 _aMéxico :
_bUnión Tipográfica Editorial Hispano-Americana (UTEHA)
_c1967
300 _avii, 426 p.
_c23 cm.
041 _aspa
942 _cBK
590 _aniveau_biblio:m niveau_hierar:0
100 1 _aDimock, Marshall Edward
700 1 _aDimock, Gladys Ogden
700 1 _aBarcena, Agustín
999 _c7632
_d7632